Races de chien de A à Z (par images) - Statistiques

Statistiques générales
  • Ce quiz a été pris 335 fois
  • Le résultat moyen est 11 sur 23
Statistiques - réponses
Par images Réponse % Correct
Husky de Sibérie
94%
Doberman
92%
Beagle
87%
Golden Retriever
81%
Saint-Bernard
79%
Teckel
77%
Chow Chow
69%
Épagneul breton
66%
Fox-terrier à poil dur
61%
Lévrier Afghan
60%
Rottweiler
58%
Yorkshire Terrier
53%
Akita Inu
50%
Pékinois
44%
Jack Russell Terrier
29%
Mastiff
28%
Westie
14%
Komondor
6%
Inuit du nord
3%
Xoloitzcuintle
3%
Otterhound
1%
Nizinny
0%
Volpino italien
0%
Aucun quiz correspondant
Distribution des résultats
% des personnes avec chaque résultat
Percentile par nombre de réponses
Votre historique - résultats
Vous n’avez pas pris ce quiz